000 003620000a22001450004500
003 MACL
040 _aMACL
090 _c31329
_d31328
100 _aGroover, Mikell P
245 _aCAD/CAM Computer Aided Design and Manufacturing
260 _bPrentice Hall of India Private Ltd
_c2002
350 _a175
650 _aComputer Science
942 _cBOOK
_k004.2/GRO
999 _c31015
_d31015